书目信息 |
| 题名: |
新型电源电路应用实例
|
|
| 作者: | 薛永毅 编著 | |
| 分册: | ||
| 出版信息: | 北京 电子工业出版社 2001.10 |
|
| 页数: | 471页 | |
| 开本: | 26cm | |
| 丛书名: | ||
| 单 册: | ||
| 中图分类: | TM13 | |
| 科图分类: | ||
| 主题词: | 电路理论 | |
| 电子资源: | ||
| ISBN: | 7-5053-6913-X | |
| 000 | 00578nam0 2200193 45 | |
| 001 | 0238154671 | |
| 005 | 2002052010355426 | |
| 010 | @a7-5053-6913-X@dCNY 38.00 | |
| 100 | @a20020520d2001 km y0chiy0120 ea | |
| 101 | 0 | @achi |
| 102 | @aCN@b110000 | |
| 200 | 1 | @a新型电源电路应用实例@AXin Xing Dian Yuan Dian Lu Ying Yong Shi Li@f薛永毅等编著@Fxue yong yi deng bian zhu |
| 210 | @a北京@c电子工业出版社@d2001.10 | |
| 215 | @a471页@d26cm | |
| 606 | 0 | @a电路理论 |
| 690 | @aTM13@v3 | |
| 701 | 0 | @a薛永毅@Axue yong yi@4编著 |
| 801 | 0 | @aCN@bPFT@c20020520 |
| 905 | @a安徽大学@dTM13@eX970 | |
| 新型电源电路应用实例/薛永毅等编著.-北京:电子工业出版社,2001.10 |
| 471页;26cm |
| ISBN 7-5053-6913-X:CNY 38.00 |
| ● |
| 相关链接 |
|
|
|
正题名:新型电源电路应用实例
索取号:TM13/X970
 
预约/预借
| 序号 | 登录号 | 条形码 | 馆藏地/架位号 | 状态 | 备注 |
| 1 | 354803 | 203548036 | 自科二线404/404自科库 16排1列6层/ [索取号:TM13/X970] | 在馆 | |
| 2 | 354804 | 203548045 | 自科二线404/404自科库 13排5列1层/ [索取号:TM13/X970] | 在馆 | |
| 3 | 394117 | 203941173 | 自科库301/301自科库 8排3列5层/ [索取号:TM13/X970] | 在馆 | |
| 4 | 394118 | 203941182 | 自科库301/301自科库 8排3列5层/ [索取号:TM13/X970] | 在馆 | |
| 5 | 394119 | 203941191 | 自科二线404/404自科库 19排4列2层/ [索取号:TM13/X970] | 在馆 |